000 00366cam a2200157ua 4500
041 _ahin
_h
082 _a891.54
_bPRE/PR
100 _aPremchand, .
245 _aPrem ki vedi /
_cPremchand.
_hTextual Documents
250 _a1 /
_b.
260 _aIlahabad :
_bHans Prakashan ,
_c1957.
300 _a46 ; .
504 _a
942 _cBK
999 _c8495
_d8495